000 00571nam a2200205 4500
010 _aENG-147635
020 _a9788119670468
_c350.00
035 _aEN-131167
037 _bDBAD
082 _aS
_b1
100 _aCrompton ,Richmal
_986805
245 _aJust William/
_cby Abhishek Rana
250 _a1
260 _bRenu Kaul Verma
_aNew Delhi
_c2025
270 _aVitasta Publishing Pvt.Ltd 4348/4C,Ansari Road, Daryaganj
_bNew Delhi
_e110002
300 _aP.240
_c20cm(pb)
700 _aGeethu Vb
_986795
700 _aAmruth m
_986796
942 _2ddc
_cEN
_hS
_mCro
999 _c214458
_d214458